000 00644nam a2200205Ia 4500
005 20250508152816.0
008 008 250505s9999 xx 000 0 eng d
037 _aBooks to be hide in OPAC
040 _aFEDL
_beng
_cFEDL
041 _aeng
_2eng
084 _a016.370 78, CEN/O
_qFEDL
245 0 _aC. I. E. publications: Summaries of M. Ed. reports 1957-58
245 0 _cCentral Institute of Education
260 _aDelhi, India
_bCentral Institute of Education
_c1960
300 _avi,100p.
365 _aINR
_b2.55
546 _aPublication No. 42
942 _cHB
_h016.370 78, CEN/O
999 _c1338889
_d1338889